书目信息 |
| 题名: |
品读帝王
|
|
| 作者: | 刘登阁 著 | |
| 分册: | ||
| 出版信息: | 北京 北京图书馆出版社 2007.08 |
|
| 页数: | 298页 | |
| 开本: | 24cm | |
| 丛书名: | ||
| 单 册: | ||
| 中图分类: | K827=2 | |
| 科图分类: | ||
| 主题词: | 帝王--di wang--评传--中国--古代 | |
| 电子资源: | ||
| ISBN: | 978-7-5013-3498-8 | |
| 000 | 00762nam0 2200229 450 | |
| 001 | 012008258130 | |
| 005 | 20080808163000.06 | |
| 010 | @a978-7-5013-3498-8@dCNY29.80 | |
| 100 | @a20080808d2007 em y0chiy0120 ea | |
| 101 | 0 | @achi |
| 102 | @aCN@b110000 | |
| 105 | @aa z 000yd | |
| 106 | @ar | |
| 200 | 1 | @a品读帝王@Apin du di wang@f刘登阁著@Fliu deng ge zhu |
| 210 | @a北京@c北京图书馆出版社@d2007.08 | |
| 215 | @a298页@c图@d24cm | |
| 330 | @a本书选取了中国历史上极具代表性的20余位帝王,用品读的方式,分析了开国之君、守成之君、亡国之君、篡位之君、傀儡皇帝等的经历及历史教训。 | |
| 606 | 0 | @a帝王@Adi wang@x评传@y中国@z古代 |
| 690 | @aK827=2@v4 | |
| 701 | 0 | @a刘登阁@Aliu deng ge@4著 |
| 801 | 0 | @aCN@bQSSK@c20080808 |
| 905 | @b732747-49@dK827=2@eL601@f3 | |
| 品读帝王/刘登阁著.-北京:北京图书馆出版社,2007.08 |
| 298页:图;24cm |
| ISBN 978-7-5013-3498-8:CNY29.80 |
| 本书选取了中国历史上极具代表性的20余位帝王,用品读的方式,分析了开国之君、守成之君、亡国之君、篡位之君、傀儡皇帝等的经历及历史教训。 |
| ● |
| 相关链接 |
|
|
|
正题名:品读帝王
索取号:K827=2/L601
 
预约/预借
| 序号 | 登录号 | 条形码 | 馆藏地/架位号 | 状态 | 备注 |
| 1 | 732747 | 207327472 | 社科库309/309社科库 57排6列5层/ [索取号:K827=2/L601] | 在馆 | |
| 2 | 732748 | 207327481 | 社科库309/309社科库 57排6列5层/ [索取号:K827=2/L601] | 在馆 | |
| 3 | 732749 | 207327490 | 社科库309/309社科库 57排6列5层/ [索取号:K827=2/L601] | 在馆 |